ბათუმის შოთა რუსთაველის სახელმწიფო უნივერსიტეტის ბიბლიოთეკა

ბედისწერის ქიმზე (ბიბ.ჩანაწერი № 48457)

000 -LEADER
fixed length control field 00703nam a2200229Ia 4500
001 - CONTROL NUMBER
control field 15351
003 - CONTROL NUMBER IDENTIFIER
control field GE_BSU
008 - FIXED-LENGTH DATA ELEMENTS--GENERAL INFORMATION
fixed length control field 181216s||||||||xx |||||||||||||| ||und||
020 ## - INTERNATIONAL STANDARD BOOK NUMBER
International Standard Book Number 9992800267
040 ## - CATALOGING SOURCE
Transcribing agency GE_BSU
080 ## - UNIVERSAL DECIMAL CLASSIFICATION NUMBER
Universal Decimal Classification number 821.353.1-1
100 ## - MAIN ENTRY--PERSONAL NAME
Personal name ღანიშაშვილი,მიხეილ
245 ## - TITLE STATEMENT
Title ბედისწერის ქიმზე
245 ## - TITLE STATEMENT
Remainder of title ლექსები, პოემები.
260 ## - PUBLICATION, DISTRIBUTION, ETC.
Place of publication, distribution, etc. თბილისი
260 ## - PUBLICATION, DISTRIBUTION, ETC.
Name of publisher, distributor, etc. ამარანტები
260 ## - PUBLICATION, DISTRIBUTION, ETC.
Date of publication, distribution, etc. 1999
300 ## - PHYSICAL DESCRIPTION
Extent 166გვ.19სმ.
653 ## - INDEX TERM--UNCONTROLLED
Uncontrolled term ბედისწერის ქიმზე
653 ## - INDEX TERM--UNCONTROLLED
Uncontrolled term ლექსები, პოემები.
942 ## - ADDED ENTRY ELEMENTS (KOHA)
Koha item type წიგნი
ეგზემპლარები
Withdrawn status Lost status Damaged status Not for loan Date acquired Barcode Date last seen Price effective from Koha item type
        2018-12-17 37905 2018-12-17 2018-12-17 წიგნი